[Event "Moscow Blitz Final 2014"]
[Site "Moscow RUS"]
[Date "2014.09.06"]
[Round "18.3"]
[White "Seliverstov, Vladimir"]
[Black "Motylev, Alexander"]
[Result "0-1"]
[WhiteTitle "FM"]
[BlackTitle "GM"]
[WhiteElo "2432"]
[BlackElo "2686"]
[WhiteFideId "4192036"]
[BlackFideId "4121830"]
[EventDate "2014.09.06"]

1. c4 e5 2. g3 Nf6 3. Bg2 d5 4. cxd5 Nxd5 5. Nc3 Nb6 6. Nf3 Nc6 7. d3 Be7 8. O-O
O-O 9. a3 Be6 10. b4 a5 11. b5 Nd4 12. Bb2 Nxf3+ 13. Bxf3 Rb8 14. Rc1 f5 15. Bg2
Bd6 16. Na4 Nxa4 17. Qxa4 b6 18. Qc2 Qe7 19. a4 h5 20. Qc6 Kh7 21. Bd5 Bd7 22.
Qc4 Rbe8 23. Rc2 f4 24. Be4+ Kh8 25. Bg6 Qg5 26. Bxe8 Rxe8 27. Qe4 h4 28. Bc1
Bh3 29. Bxf4 exf4 30. Qxe8+ Kh7 31. Qe4+ g6 32. Rfc1 fxg3 33. Rxc7+ Kh6 34. hxg3
hxg3 35. f3 Bf4 36. R7c4 Be3+ 0-1

[Event "Moscow Blitz Final 2014"]
[Site "Moscow RUS"]
[Date "2014.09.06"]
[Round "18.4"]
[White "Savchenko, Boris"]
[Black "Popov, Ivan RUS"]
[Result "1/2-1/2"]
[WhiteTitle "GM"]
[BlackTitle "GM"]
[WhiteElo "2608"]
[BlackElo "2627"]
[WhiteFideId "4147332"]
[BlackFideId "4170350"]
[EventDate "2014.09.06"]

1. e4 c5 2. Nf3 e6 3. c3 Nf6 4. e5 Nd5 5. d4 cxd4 6. cxd4 b6 7. Nc3 Bb7 8. Bd3
Na6 9. Nxd5 Bxd5 10. Bxa6 b5 11. O-O Qb6 12. Bxb5 Qxb5 13. Ng5 h6 14. Nh3 Be7
15. Nf4 Bb7 16. Qg4 g6 17. Be3 h5 18. Qd1 g5 19. Ne2 h4 20. Nc3 Qxb2 21. Rb1
Qxc3 22. Rxb7 Qc6 23. Qf3 Qxf3 24. gxf3 h3 25. Rc1 Bd8 26. d5 exd5 27. Rd1 Rh6
28. Rxd5 Ra6 29. Rdxd7 Rxa2 30. Kf1 Rc8 31. e6 fxe6 32. Rg7 Kf8 33. Rh7 Kg8 34.
Rbg7+ Kf8 35. Rb7 Kg8 36. Rxh3 Bb6 37. Bxb6 axb6 38. Rh5 Rcc2 39. Rxg5+ Kf8 40.
Kg2 Rxf2+ 41. Kg3 Rxh2 42. Kg4 Rag2+ 43. Kf4 Rh4+ 44. Rg4 Rhxg4+ 45. fxg4 Kg8
46. Rxb6 1/2-1/2

[Event "Moscow Blitz Final 2014"]
[Site "Moscow RUS"]
[Date "2014.09.06"]
[Round "18.5"]
[White "Najer, Evgeniy"]
[Black "Riazantsev, Alexander"]
[Result "1-0"]
[WhiteTitle "GM"]
[BlackTitle "GM"]
[WhiteElo "2646"]
[BlackElo "2678"]
[WhiteFideId "4118987"]
[BlackFideId "4125029"]
[EventDate "2014.09.06"]

1. e4 c6 2. d4 d5 3. e5 Bf5 4. Nf3 e6 5. Be2 Bg6 6. O-O Ne7 7. Nbd2 c5 8. dxc5
Nec6 9. a3 Bxc5 10. b4 Bd4 11. Rb1 Bb6 12. Bb2 O-O 13. c4 Bxb1 14. Qxb1 dxc4 15.
Rd1 Ne7 16. Ne4 Nd5 17. Neg5 g6 18. Qe4 Nc6 19. Qh4 h5 20. Bxc4 Nce7 21. g4 Kg7
22. gxh5 Rh8 23. h6+ Kg8 24. h7+ Kg7 25. Bxd5 Nxd5 26. Bc1 Qe7 27. Rxd5 exd5 28.
Ne6+ 1-0

[Event "Moscow Blitz Final 2014"]
[Site "Moscow RUS"]
[Date "2014.09.06"]
[Round "18.6"]
[White "Karjakin, Sergey"]
[Black "Grischuk, Alexander"]
[Result "1-0"]
[WhiteTitle "GM"]
[BlackTitle "GM"]
[WhiteElo "2777"]
[BlackElo "2789"]
[WhiteFideId "14109603"]
[BlackFideId "4126025"]
[EventDate "2014.09.06"]

1. Nf3 c5 2. e4 d6 3. Bb5+ Nd7 4. O-O a6 5. Bd3 Ngf6 6. c3 b5 7. Bc2 Bb7 8. Re1
Rc8 9. a4 b4 10. d4 cxd4 11. cxd4 Qc7 12. Bd3 Nxe4 13. Qe2 Nef6 14. Bxa6 e6 15.
Bxb7 Qxb7 16. Nbd2 Be7 17. a5 O-O 18. Nb3 Nd5 19. Bd2 Rc2 20. Qd3 Rc7 21. Rec1
Rxc1+ 22. Bxc1 Ra8 23. g3 h6 24. Nfd2 Nb8 25. Nf1 Qa6 26. Qc2 Qc6 27. Qd1 Qb5
28. Ne3 Nc6 29. Nxd5 Qxd5 30. Bd2 Nxa5 31. Bxb4 Nc4 32. Rxa8+ Qxa8 33. Qc2 Qd5
34. Bc3 Bf6 35. Nd2 Nb6 36. Qd3 Qa2 37. Ne4 Be7 38. Kg2 Nd5 39. Qb5 Qa8 40. f3
Bf8 41. Qd3 Qa4 42. Bd2 Qb4 43. Bxb4 1-0

[Event "Moscow Blitz Final 2014"]
[Site "Moscow RUS"]
[Date "2014.09.06"]
[Round "18.7"]
[White "Dvalishvili, Pavel S."]
[Black "Reshetnikov, Alexey"]
[Result "1-0"]
[WhiteTitle "IM"]
[BlackTitle "IM"]
[WhiteElo "2439"]
[BlackElo "2498"]
[WhiteFideId "4121996"]
[BlackFideId "4162080"]
[EventDate "2014.09.06"]

1. e4 c5 2. Nf3 e6 3. b3 Nf6 4. e5 Nd5 5. Bb2 Nc6 6. c4 Nf4 7. g3 Ng6 8. Qe2 Be7
9. Bg2 f6 10. exf6 Bxf6 11. Bxf6 Qxf6 12. Nc3 O-O 13. O-O d6 14. Rad1 e5 15. Nd5
Qd8 16. h3 Bf5 17. Qe3 Qd7 18. Kh2 h6 19. a3 Rf7 20. b4 b6 21. b5 Na5 22. d3
Raf8 23. Nd2 Kh8 24. h4 Bg4 25. Rde1 Nb7 26. f3 Bf5 27. h5 Ne7 28. Nxe7 Qxe7 29.
f4 Qd7 30. fxe5 dxe5 31. Bd5 Rf6 32. Qxe5 Nd6 33. Qe7 Qxe7 34. Rxe7 Bxd3 35.
Rxf6 Rxf6 36. Kg1 Rf8 37. Rxa7 Rd8 38. a4 Nf5 39. Rb7 Ne3 40. Rxb6 Nxd5 41. cxd5
Rxd5 42. Nf3 Be4 43. Nh4 c4 44. Ng6+ Kh7 45. Rb8 Bxg6 46. hxg6+ Kxg6 47. Rc8 Rd4
48. b6 Rd1+ 49. Kg2 Rb1 50. a5 Rb5 51. Rc6+ Kh7 52. a6 c3 53. a7 1-0

[Event "Moscow Blitz Final 2014"]
[Site "Moscow RUS"]
[Date "2014.09.06"]
[Round "18.8"]
[White "Kretov, Evgenij"]
[Black "Paravyan, David"]
[Result "1/2-1/2"]
[WhiteTitle "FM"]
[BlackTitle "IM"]
[WhiteElo "2263"]
[BlackElo "2428"]
[WhiteFideId "4167821"]
[BlackFideId "4194985"]
[EventDate "2014.09.06"]

1. d4 Nf6 2. c4 g6 3. Nc3 d5 4. cxd5 Nxd5 5. Bd2 Bg7 6. e4 Nb6 7. Be3 O-O 8. h3
e5 9. Nf3 exd4 10. Nxd4 Nc6 11. Be2 Bd7 12. O-O Nxd4 13. Bxd4 Ba4 14. Nxa4 Qxd4
15. Nc3 c6 16. Qc2 Rfe8 17. Rad1 Qc5 18. Qb3 Bxc3 19. bxc3 Rxe4 20. Bf3 Re7 21.
g3 Rae8 22. Kg2 Nc4 23. Rd4 Ne5 24. Be4 Kg7 25. Kg1 b5 26. Qb4 Qb6 27. Rd6 a5
28. Qb1 Qc5 29. Rfd1 Qxc3 30. Rc1 Qa3 31. Rdd1 Re6 32. Bg2 Nc4 33. Rd3 Qxc1+ 34.
Qxc1 Re1+ 35. Kh2 Rxc1 36. Rd8 Rc2 37. Bxc6 Rxf2+ 38. Kg1 Rxa2 39. Bxb5 Ne5 40.
h4 a4 41. Ra8 a3 42. Kf1 Rb2 43. Be2 a2 44. Kf2 Nd3+ 1/2-1/2

[Event "Moscow Blitz Final 2014"]
[Site "Moscow RUS"]
[Date "2014.09.06"]
[Round "18.9"]
[White "Malakhov, Vladimir"]
[Black "Morozevich, Alexander"]
[Result "0-1"]
[WhiteTitle "GM"]
[BlackTitle "GM"]
[WhiteElo "2696"]
[BlackElo "2731"]
[WhiteFideId "4120787"]
[BlackFideId "4116992"]
[EventDate "2014.09.06"]

1. e4 e6 2. d4 d5 3. Nd2 Be7 4. c3 c5 5. exd5 exd5 6. Ngf3 Nc6 7. dxc5 Bxc5 8.
Nb3 Bb6 9. Be2 Nf6 10. O-O O-O 11. Bf4 Re8 12. h3 Ne4 13. Nfd4 Qf6 14. Be3 Bc7
15. Nb5 Bb8 16. Qxd5 Re5 17. Qd3 Qg6 18. Bf4 Rxb5 19. Bxb8 Rxb3 20. axb3 Rxb8
21. Rae1 Nf6 22. Qxg6 hxg6 23. Bf3 Be6 24. b4 Kf8 25. Bxc6 bxc6 26. Ra1 Rb7 27.
Ra6 Bc4 28. Rxc6 Bxf1 29. Kxf1 Ke7 30. Ra6 Nd5 31. Ke2 Nc7 32. Ra1 a6 33. Kd3
Rb6 34. h4 Rd6+ 35. Ke2 Kd7 36. g3 Kc6 37. c4 Rd8 38. b3 Kb6 39. Ke3 Ne6 40. Ra5
Nd4 41. Re5 Nc6 0-1

[Event "Moscow Blitz Final 2014"]
[Site "Moscow RUS"]
[Date "2014.09.06"]
[Round "18.10"]
[White "Dubov, Daniil"]
[Black "Grachev, Boris"]
[Result "0-1"]
[WhiteTitle "GM"]
[BlackTitle "GM"]
[WhiteElo "2614"]
[BlackElo "2673"]
[WhiteFideId "24126055"]
[BlackFideId "4129199"]
[EventDate "2014.09.06"]

1. e4 c5 2. Nf3 e6 3. d4 cxd4 4. Nxd4 Nc6 5. Nc3 a6 6. Nxc6 bxc6 7. Bd3 d5 8.
O-O Nf6 9. e5 Nd7 10. Re1 Be7 11. Qg4 g6 12. b3 h5 13. Qf4 Rb8 14. Na4 Nb6 15.
Nxb6 Qxb6 16. c4 d4 17. Bd2 c5 18. Rab1 a5 19. Qg3 Bb7 20. Be4 Bxe4 21. Rxe4 Qc6
22. Qd3 a4 23. h3 axb3 24. axb3 O-O 25. Kh2 Kg7 26. h4 Ra8 27. Bg5 Bxg5 28. hxg5
Ra2 29. Rf1 Rb2 30. Qf3 Rxb3 31. Qf6+ Kg8 32. Rh4 Rfb8 33. Ra1 Qb7 34. Ra5 Rc8
35. f4 Rb2 0-1

[Event "Moscow Blitz Final 2014"]
[Site "Moscow RUS"]
[Date "2014.09.06"]
[Round "19.1"]
[White "Grachev, Boris"]
[Black "Moskalenko, Alexander"]
[Result "1-0"]
[WhiteTitle "GM"]
[BlackTitle "IM"]
[WhiteElo "2673"]
[BlackElo "2460"]
[WhiteFideId "4129199"]
[BlackFideId "4155351"]
[EventDate "2014.09.06"]

1. d4 d5 2. Bf4 c5 3. e3 Nf6 4. c3 Qb6 5. Qb3 c4 6. Qc2 Nc6 7. Nd2 g6 8. e4 Bg7
9. exd5 Nxd5 10. Nxc4 Qd8 11. Bg3 O-O 12. Nf3 Bf5 13. Bd3 Ncb4 14. cxb4 Nxb4 15.
Bxf5 Nxc2+ 16. Bxc2 Rc8 17. Bb3 b5 18. Ncd2 a5 19. a4 bxa4 20. Bxa4 Bxd4 21. O-O
Bxb2 22. Rab1 Bg7 23. Rfd1 Rc3 24. Bb5 Rc5 25. h3 Qa8 26. Ba4 Rd8 27. Re1 e6 28.
Rb3 Rc2 29. Reb1 Qd5 30. Rb8 Bf8 31. Bxc2 Rxb8 32. Rxb8 Qa2 33. Bb3 Qa1+ 34. Kh2
f6 35. Bd6 Kf7 36. Rxf8+ Kg7 37. Bxe6 Qc3 38. Rf7+ Kh6 39. Bf8+ 1-0

[Event "Moscow Blitz Final 2014"]
[Site "Moscow RUS"]
[Date "2014.09.06"]
[Round "19.2"]
[White "Morozevich, Alexander"]
[Black "Dubov, Daniil"]
[Result "1-0"]
[WhiteTitle "GM"]
[BlackTitle "GM"]
[WhiteElo "2731"]
[BlackElo "2614"]
[WhiteFideId "4116992"]
[BlackFideId "24126055"]
[EventDate "2014.09.06"]

1. e4 e5 2. Nf3 Nc6 3. Nc3 Nf6 4. d4 exd4 5. Nxd4 Bb4 6. Nxc6 bxc6 7. Bd3 O-O 8.
O-O d5 9. exd5 cxd5 10. h3 c6 11. Qf3 Rb8 12. Bf4 Bd6 13. b3 Rb4 14. Bxd6 Qxd6
15. Ne2 c5 16. Rad1 Bb7 17. c3 Rb6 18. Qf4 Re8 19. Qxd6 Rxd6 20. b4 Rc8 21. bxc5
Rxc5 22. Rb1 Rb6 23. Rxb6 axb6 24. Rb1 Rc6 25. f3 Bc8 26. Kf2 Kf8 27. Ke3 Ke7
28. Kd2 Bd7 29. Nd4 Rd6 30. g4 h6 31. h4 Kd8 32. g5 Ne8 33. f4 Nc7 34. f5 Ne8
35. Re1 hxg5 36. hxg5 Nc7 37. Rh1 b5 38. Rh8+ Ke7 39. Rg8 Ne8 40. Bxb5 Bxb5 41.
Nxb5 Rb6 42. a4 Rc6 43. Kc2 Rc4 44. Kb3 Rc5 45. Nd4 Nd6 46. Rxg7 Kf8 47. Rh7 Ne4
48. g6 Rxc3+ 49. Kb2 fxg6 50. fxg6 Rg3 51. Ne6+ Kg8 52. Rg7+ Kh8 53. a5 Nc5 54.
Rh7+ Kg8 55. Nxc5 Rxg6 56. Rc7 1-0

[Event "Moscow Blitz Final 2014"]
[Site "Moscow RUS"]
[Date "2014.09.06"]
[Round "19.3"]
[White "Paravyan, David"]
[Black "Malakhov, Vladimir"]
[Result "0-1"]
[WhiteTitle "IM"]
[BlackTitle "GM"]
[WhiteElo "2428"]
[BlackElo "2696"]
[WhiteFideId "4194985"]
[BlackFideId "4120787"]
[EventDate "2014.09.06"]

1. d4 d5 2. c4 c6 3. Nc3 Nf6 4. e3 a6 5. a4 e6 6. Nf3 c5 7. cxd5 exd5 8. Be2 Nc6
9. O-O Be7 10. dxc5 Bxc5 11. Nd4 O-O 12. Bf3 Ne5 13. Be2 Qd6 14. h3 Nc6 15. Nb3
Ba7 16. a5 Bb8 17. f4 Ba7 18. Na4 Bf5 19. Nb6 Rae8 20. Bf3 Be4 21. Bxe4 Rxe4 22.
Bd2 Nxa5 23. Bxa5 Bxb6 24. Kh1 Rxe3 25. Nd4 Bxd4 26. Qxd4 Re4 27. Qd3 Rxf4 28.
Rxf4 Qxf4 29. Bd2 Qe4 30. Qb3 Qe2 31. Bf4 0-1

[Event "Moscow Blitz Final 2014"]
[Site "Moscow RUS"]
[Date "2014.09.06"]
[Round "19.4"]
[White "Reshetnikov, Alexey"]
[Black "Kretov, Evgenij"]
[Result "1-0"]
[WhiteTitle "IM"]
[BlackTitle "FM"]
[WhiteElo "2498"]
[BlackElo "2263"]
[WhiteFideId "4162080"]
[BlackFideId "4167821"]
[EventDate "2014.09.06"]

1. c4 Nf6 2. Nc3 c5 3. g3 Nc6 4. Bg2 g6 5. e3 Bg7 6. Nge2 O-O 7. O-O e6 8. d4 d6
9. b3 a6 10. Bb2 Qc7 11. Qd2 Rb8 12. d5 Ne7 13. dxe6 Bxe6 14. Nf4 Rbd8 15. h3
Rb8 16. Rfd1 Rfd8 17. a4 b6 18. Qe2 Bd7 19. Rd2 Be8 20. Rad1 h5 21. Kh2 Bc6 22.
Bxc6 Qxc6 23. Rd3 Nf5 24. Ncd5 Nxd5 25. Nxd5 Qe8 26. g4 hxg4 27. hxg4 Nd4 28.
Bxd4 cxd4 29. Qf3 Qe5+ 30. Kg2 dxe3 31. Rxe3 Qg5 32. Ne7+ Kf8 33. Nc6 Rbc8 34.
Nxd8 Rxd8 35. Rd5 Be5 36. Re4 Kg7 37. Qe3 Qh4 38. Qh3 Qf6 39. Qf3 Qh4 40. Kf1
Rh8 41. Ke2 Qg5 42. Qe3 Qf6 43. Qxb6 Rh2 44. Rexe5 dxe5 45. Qxf6+ Kxf6 46. c5
Rh3 47. Rd3 Rh8 48. b4 Rb8 49. Rb3 Ke6 50. b5 Kd5 51. c6 Kd6 52. Rd3+ Kc5 53.
Rb3 Kd6 54. g5 Kc7 55. Ke3 axb5 56. axb5 Ra8 57. Rd3 Kb6 58. Rd5 Ra3+ 59. Ke4
Ra2 60. Kf3 Ra3+ 61. Kg4 Ra4+ 62. Kg3 Ra3+ 63. Kg2 e4 64. Re5 Ra4 65. Kf1 Ra1+
66. Ke2 Ra2+ 67. Ke3 Rb2 68. Rd5 Rc2 69. Re5 Rb2 70. Rd5 Rc2 71. Re5 Rb2 72. Rd5
Rc2 73. Rd7 Kxb5 74. c7 Kb6 75. Rxf7 Rc4 76. Re7 Kb7 77. Kf4 Rc5 78. Rxe4 Kxc7
79. Re6 Rc4+ 80. Kg3 Rc3+ 81. Kg4 Rc2 82. f4 Rg2+ 83. Kf3 1-0

[Event "Moscow Blitz Final 2014"]
[Site "Moscow RUS"]
[Date "2014.09.06"]
[Round "19.5"]
[White "Grischuk, Alexander"]
[Black "Dvalishvili, Pavel S."]
[Result "1-0"]
[WhiteTitle "GM"]
[BlackTitle "IM"]
[WhiteElo "2789"]
[BlackElo "2439"]
[WhiteFideId "4126025"]
[BlackFideId "4121996"]
[EventDate "2014.09.06"]

1. d4 Nf6 2. c4 e6 3. Nf3 b6 4. g3 Ba6 5. Qc2 c5 6. d5 exd5 7. cxd5 d6 8. Nc3
Nbd7 9. Bg2 Be7 10. O-O O-O 11. a4 Re8 12. h3 Bf8 13. Bf4 Qe7 14. Rfe1 Ne4 15.
Nb5 Ndf6 16. Nh4 Bxb5 17. axb5 g5 18. f3 gxf4 19. Nf5 Qe5 20. fxe4 fxg3 21. Ra3
Nxe4 22. Bxe4 Qxe4 23. Rxg3+ Kh8 24. Qc3+ Re5 25. Rf1 Qxd5 26. Rg2 Qe6 27. Qg3
Bh6 28. Nxh6 Qxh6 29. Rxf7 Qe3+ 30. Qxe3 Rxe3 31. h4 Rg8 32. Rxg8+ Kxg8 33. Rxa7
Rb3 34. Kf2 Rxb2 35. Rd7 Rxb5 36. Rxd6 c4 37. Rc6 Rb4 38. Kf3 b5 39. e4 Rb1 40.
e5 Kf7 41. Ke4 h5 42. Kd5 Rd1+ 43. Kc5 1-0

[Event "Moscow Blitz Final 2014"]
[Site "Moscow RUS"]
[Date "2014.09.06"]
[Round "19.6"]
[White "Riazantsev, Alexander"]
[Black "Karjakin, Sergey"]
[Result "1-0"]
[WhiteTitle "GM"]
[BlackTitle "GM"]
[WhiteElo "2678"]
[BlackElo "2777"]
[WhiteFideId "4125029"]
[BlackFideId "14109603"]
[EventDate "2014.09.06"]

1. d4 d5 2. c4 c6 3. Nf3 Nf6 4. e3 Bg4 5. h3 Bh5 6. g4 Bg6 7. Ne5 e6 8. Nd2 Nbd7
9. Nxg6 hxg6 10. Bg2 g5 11. O-O Bd6 12. Re1 O-O 13. e4 dxe4 14. Nxe4 Nxe4 15.
Rxe4 Qf6 16. Be3 Rfd8 17. Qd2 Be7 18. h4 gxh4 19. g5 Qf5 20. Rxh4 Ne5 21. Qe2
Ng6 22. Rg4 e5 23. Be4 Qe6 24. d5 cxd5 25. Bxd5 Rxd5 26. cxd5 Qxd5 27. Qc4 Qd7
28. Qe4 Rc8 29. Rg3 b5 30. Qg4 Qb7 31. Rc1 Rxc1+ 32. Bxc1 Qd5 33. b3 Bc5 34. Be3
Bxe3 35. Qc8+ Nf8 36. Rxe3 1-0

[Event "Moscow Blitz Final 2014"]
[Site "Moscow RUS"]
[Date "2014.09.06"]
[Round "19.7"]
[White "Popov, Ivan RUS"]
[Black "Najer, Evgeniy"]
[Result "1/2-1/2"]
[WhiteTitle "GM"]
[BlackTitle "GM"]
[WhiteElo "2627"]
[BlackElo "2646"]
[WhiteFideId "4170350"]
[BlackFideId "4118987"]
[EventDate "2014.09.06"]

1. e4 c5 2. Nf3 Nf6 3. Nc3 d5 4. exd5 Nxd5 5. Bb5+ Bd7 6. Ne5 Bxb5 7. Nxb5 Nd7
8. Nxf7 Kxf7 9. Qh5+ Ke6 10. Qg4+ Kf7 11. Qh5+ Ke6 12. Qg4+ 1/2-1/2

[Event "Moscow Blitz Final 2014"]
[Site "Moscow RUS"]
[Date "2014.09.06"]
[Round "19.8"]
[White "Motylev, Alexander"]
[Black "Savchenko, Boris"]
[Result "1-0"]
[WhiteTitle "GM"]
[BlackTitle "GM"]
[WhiteElo "2686"]
[BlackElo "2608"]
[WhiteFideId "4121830"]
[BlackFideId "4147332"]
[EventDate "2014.09.06"]

1. e4 e6 2. d4 d5 3. e5 c5 4. c3 Nc6 5. Nf3 Qb6 6. a3 c4 7. Nbd2 Na5 8. g3 Bd7
9. Bg2 Ne7 10. O-O h6 11. Re1 Qc7 12. Rb1 Nc8 13. Nf1 Bb5 14. Bf4 Be7 15. h4 Nb6
16. Ne3 O-O-O 17. h5 Rdg8 18. Bh3 Be8 19. Kh2 Kb8 20. Rg1 Nc6 21. Qe2 a6 22. g4
Ka7 23. Nd2 Bh4 24. Kh1 Be7 25. Bh2 Qd8 26. f4 Na5 27. f5 Bd7 28. Rgf1 Rf8 29.
Ng2 Nc6 30. Rf2 Na4 31. Nf4 Bxa3 32. Ra1 Bxb2 33. Rxa4 Bxc3 34. Nf3 Qb6 35. Bg1
Nxd4 36. Qe3 Bxa4 37. Qxc3 Nb5 38. Qb4 Bb3 39. Rd2 d4 40. Nxd4 Ka8 41. Ndxe6
Qc6+ 42. Bg2 Qe8 43. Nc5 Kb8 44. Bxb7 c3 45. Rd7 Qxd7 46. Nxd7+ Kxb7 47. Nc5+
Ka8 48. Qxb3 Rc8 49. Nfd3 Rhd8 50. Qc2 Rd5 51. Qg2 Rd8 52. Nb4 Kb8 53. Nc2 Kc8
54. Nxa6 1-0

[Event "Moscow Blitz Final 2014"]
[Site "Moscow RUS"]
[Date "2014.09.06"]
[Round "19.9"]
[White "Mozharov, Mikhail"]
[Black "Seliverstov, Vladimir"]
[Result "1/2-1/2"]
[WhiteTitle "GM"]
[BlackTitle "FM"]
[WhiteElo "2555"]
[BlackElo "2432"]
[WhiteFideId "4189825"]
[BlackFideId "4192036"]
[EventDate "2014.09.06"]

1. d4 d5 2. g3 Nf6 3. Bg2 c6 4. Nf3 Bf5 5. O-O h6 6. c4 e6 7. Nc3 Nbd7 8. Qb3
Qb6 9. c5 Qxb3 10. axb3 a6 11. b4 Rc8 12. Nd2 Be7 13. Nb3 Bd8 14. Na5 Bxa5 15.
bxa5 e5 16. dxe5 Nxe5 17. Ra4 Nfd7 18. e4 dxe4 19. Nxe4 O-O 20. Nd6 Nxc5 21.
Nxc8 Rxc8 22. Rb4 Ned3 23. Rd4 Nb3 24. Be3 Nxd4 25. Bxd4 Re8 26. Bc3 Be4 27.
Bxe4 Rxe4 28. Rd1 Nc5 29. Rd8+ Kh7 30. Rb8 Kg6 31. Bd2 Nb3 32. Bc3 Re7 33. Kg2
Rd7 34. h3 Nc5 35. Bb4 Ne4 36. Kf3 f5 37. g4 Nf6 38. Bc3 Nd5 39. Be5 Re7 40. Bd6
Rf7 41. Kg3 Kf6 42. f4 Ke6 43. Be5 g5 44. Re8+ Kd7 45. Rh8 gxf4+ 46. Kf3 Ke6 47.
Bd4 fxg4+ 48. hxg4 Ne7 49. Rxh6+ Kd5 50. Bc3 Rf8 51. Rh7 Re8 52. g5 c5 53. Bf6
Ng6 54. Rxb7 Re3+ 55. Kf2 Ke4 56. Rg7 Nh4 57. Re7+ Kd3 58. Rd7+ Ke4 59. Re7+ Kd3
60. Rd7+ Ke4 61. Re7+ Kd3 62. Rd7+ 1/2-1/2

[Event "Moscow Blitz Final 2014"]
[Site "Moscow RUS"]
[Date "2014.09.06"]
[Round "19.10"]
[White "Belous, Vladimir"]
[Black "Fedoseev, Vladimir3"]
[Result "1/2-1/2"]
[WhiteTitle "GM"]
[BlackTitle "GM"]
[WhiteElo "2584"]
[BlackElo "2677"]
[WhiteFideId "4174003"]
[BlackFideId "24130737"]
[EventDate "2014.09.06"]

1. Nf3 Nf6 2. c4 e6 3. Nc3 d5 4. d4 Be7 5. Bg5 O-O 6. e3 h6 7. Bh4 b6 8. cxd5
Nxd5 9. Bxe7 Qxe7 10. Rc1 Bb7 11. Bd3 Nb4 12. Bb1 Nd7 13. a3 Na6 14. O-O c5 15.
dxc5 Naxc5 16. b4 Na6 17. Be4 Nf6 18. Bxb7 Qxb7 19. Nb5 Rad8 20. Qa4 Rd5 21.
Nfd4 Ng4 22. Nc6 Nc5 23. Ne7+ Qxe7 24. bxc5 Rxc5 25. h3 Ne5 26. Qxa7 Qxa7 27.
Nxa7 Ra8 28. Rxc5 bxc5 29. Nb5 Ra5 30. Rb1 Nc4 31. Rc1 Rxb5 32. Rxc4 1/2-1/2